000 00424nam a2200181Ia 4500
001 9286
005 20260306161707.0
008 260306t2004||||xx |||||||||||||| ||spa||
041 _aESP
082 _a378.07
_bL68
100 _aLitfin, Duane
_eAUT
245 0 _aConceiving the christian college
260 _c2004
300 _ax, 283 páginas :
_c23 cm.
650 _aGEN
654 _aCED
942 _cLIB
_dJUS
_fJUS
_2ddc
_n
999 _c9286
_d9286